Parabola della vita (La)-24 diapositive con libretto (Record n. 99372)
[ formato base ]
| 000 -LEADER | |
|---|---|
| fixed length control field | 02309njm a2200421Ia 4500 |
| 001 - CONTROL NUMBER | |
| control field | 37631 |
| 003 - CONTROL NUMBER IDENTIFIER | |
| control field | IT-RoPAU |
| 005 - DATE AND TIME OF LATEST TRANSACTION | |
| control field | 20220918181116.0 |
| 008 - FIXED-LENGTH DATA ELEMENTS--GENERAL INFORMATION | |
| fixed length control field | 131025s9999 xx 000 0 und d |
| 040 ## - CATALOGING SOURCE | |
| Original cataloging agency | IT-RoPAU |
| 040 ## - CATALOGING SOURCE | |
| Transcribing agency | IT-RoPAU |
| 041 ## - LANGUAGE CODE | |
| Language code of text/sound track or separate title | ITALIANO |
| 999 ## - SYSTEM CONTROL NUMBERS (KOHA) | |
| Koha Dewey Subclass [OBSOLETE] | n.d. |
| 100 ## - MAIN ENTRY--PERSONAL NAME | |
| Personal name | AA.VV. |
| 9 (RLIN) | 794 |
| 100 ## - MAIN ENTRY--PERSONAL NAME | |
| Relator term | Autore testo |
| 9 (RLIN) | 19714 |
| 100 ## - MAIN ENTRY--PERSONAL NAME | |
| Miscellaneous information | Codice autore testo SPICS: 12000 |
| 9 (RLIN) | 14322 |
| 245 ## - TITLE STATEMENT | |
| Title | Parabola della vita (La)-24 diapositive con libretto |
| 250 ## - EDITION STATEMENT | |
| Edition statement | 1a ed. |
| 260 ## - PUBLICATION, DISTRIBUTION, ETC. (IMPRINT) | |
| Place of publication, distribution, etc. | TORINO/LEUMANN |
| 260 ## - PUBLICATION, DISTRIBUTION, ETC. (IMPRINT) | |
| Name of publisher, distributor, etc. | ELLE DI CI |
| Date of publication, distribution, etc. | 1980 [1a Ed.:1980 - Ed. Lingua Orig.: 1980] |
| 300 ## - PHYSICAL DESCRIPTION | |
| Extent | DIAPOMONTAGGIO |
| 300 ## - PHYSICAL DESCRIPTION | |
| Dimensions | (Testo: 56 pag.) |
| 500 ## - GENERAL NOTE | |
| General note | Diapomontaggio non sonorizzato |
| 505 ## - FORMATTED CONTENTS NOTE | |
| Formatted contents note | Il fenomeno comunicazione - L'età della vita - Analisi linguistica delle foto - Proposte per l'insegnamento dell'italiano - Proposte per l'insegnamento della religione - Interpretazione visiva di un brano musicale |
| 650 ## - SUBJECT ADDED ENTRY--TOPICAL TERM | |
| Topical term or geographic name as entry element | DIDATTICO [DIAPOMONTAGGIO NON SONORIZZATO] |
| Relator term | Codice MATERIA SPICS: 9972 |
| 9 (RLIN) | 19715 |
| 700 ## - ADDED ENTRY--PERSONAL NAME | |
| Personal name | Lever Franco |
| Dates associated with a name | Codice autore SPICS: 4665 |
| Relator term | Autore |
| Name of part/section of a work | Il fenomeno comunicazione |
| 9 (RLIN) | 19716 |
| 700 ## - ADDED ENTRY--PERSONAL NAME | |
| Personal name | Balestro Piero |
| Dates associated with a name | Codice autore SPICS: 17327 |
| Relator term | Autore |
| Name of part/section of a work | L'età della vita |
| 9 (RLIN) | 19717 |
| 700 ## - ADDED ENTRY--PERSONAL NAME | |
| Personal name | Colombo Attilio |
| Dates associated with a name | Codice autore SPICS: 12718 |
| Relator term | Autore |
| Name of part/section of a work | Analisi linguistica delle foto |
| 9 (RLIN) | 19718 |
| 700 ## - ADDED ENTRY--PERSONAL NAME | |
| Personal name | Bartolini Bartolino |
| Dates associated with a name | Codice autore SPICS: 228 |
| Relator term | Autore |
| Name of part/section of a work | Proposte per l'insegnamento dell'italiano |
| 9 (RLIN) | 19719 |
| 700 ## - ADDED ENTRY--PERSONAL NAME | |
| Personal name | Gualerzi Giuseppina |
| Dates associated with a name | Codice autore SPICS: 17328 |
| Relator term | Autore |
| Name of part/section of a work | Proposte per l'insegnamento dell'italiano |
| 9 (RLIN) | 19720 |
| 700 ## - ADDED ENTRY--PERSONAL NAME | |
| Personal name | Vanzetti Patrizia |
| Dates associated with a name | Codice autore SPICS: 17329 |
| Relator term | Autore |
| Name of part/section of a work | Proposte per l'insegnamento dell'italiano |
| 9 (RLIN) | 19721 |
| 700 ## - ADDED ENTRY--PERSONAL NAME | |
| Personal name | Ferrero Bruno |
| Dates associated with a name | Codice autore SPICS: 6696 |
| Relator term | Autore |
| Name of part/section of a work | Proposte per l'insegnamento della religione |
| 9 (RLIN) | 19722 |
| 700 ## - ADDED ENTRY--PERSONAL NAME | |
| Personal name | Comoglio Mario |
| Dates associated with a name | Codice autore SPICS: 17330 |
| Relator term | Autore |
| Name of part/section of a work | Proposte per l'insegnamento della religione |
| 9 (RLIN) | 19723 |
| 700 ## - ADDED ENTRY--PERSONAL NAME | |
| Personal name | Vanzetti Bartolo |
| Dates associated with a name | Codice autore SPICS: 17331 |
| Relator term | Autore |
| Name of part/section of a work | Proposte per l'insegnamento della religione |
| 9 (RLIN) | 19724 |
| 700 ## - ADDED ENTRY--PERSONAL NAME | |
| Personal name | Pugliatti Nanni |
| Dates associated with a name | Codice autore SPICS: 17332 |
| Relator term | Autore |
| Name of part/section of a work | Interpretazione visiva di un brano musicale |
| 9 (RLIN) | 19725 |
| 700 ## - ADDED ENTRY--PERSONAL NAME | |
| Personal name | Fittipaldi Onofrio |
| Dates associated with a name | Codice autore SPICS: 17333 |
| Relator term | Autore |
| Name of part/section of a work | Interpretazione visiva di un brano musicale |
| 9 (RLIN) | 19726 |
| 942 ## - ADDED ENTRY ELEMENTS (KOHA) | |
| Koha item type | DIAPOSITIVE |
| Source of classification or shelving scheme | Dewey Decimal Classification |
| Withdrawn status | Lost status | Damaged status | Not for loan | Home library | Current library | Date acquired | Total Checkouts | Full call number | Date last seen | Price effective from | Koha item type | Public note |
|---|---|---|---|---|---|---|---|---|---|---|---|---|
| Buone Condizioni | Not For Loan | SPICS-MEDIATECA | SPICS-MEDIATECA | 25/10/2013 | 37631 | 25/10/2013 | 25/10/2013 | DIAPOSITIVE | Progr. Ins.: 13557 / N.Vol.: 1 / Copie: 1 - Copia rara: n.d. / date import: 01.01.2014 - By Epidotti, Trombetti, Vaglietti |